Density and using talipot palm in svaychras commune, snoul district, kratie province ដង់សុីតេនិងការប្រើប្រាស់ដើមទ្រាំងនៅក្នុងឃុំស្វាយជ្រះស្រុកស្នួលខេត្តក្រចេះ (Record no. 1045)
[ view plain ]
| 000 -LEADER | |
|---|---|
| fixed length control field | 00667nam a22001577a 4500 |
| 003 - CONTROL NUMBER IDENTIFIER | |
| control field | OSt |
| 005 - DATE AND TIME OF LATEST TRANSACTION | |
| control field | 20150922104248.0 |
| 008 - FIXED-LENGTH DATA ELEMENTS--GENERAL INFORMATION | |
| fixed length control field | 150922b xxu||||| |||| 00| 0 eng d |
| 040 ## - CATALOGING SOURCE | |
| Transcribing agency | RUA |
| 082 ## - DEWEY DECIMAL CLASSIFICATION NUMBER | |
| Classification number | AGR OU 2007 B035 Or.1 |
| 100 ## - MAIN ENTRY--PERSONAL NAME | |
| 9 (RLIN) | 1090 |
| Personal name | OU, SOCHEATA. |
| 245 ## - TITLE STATEMENT | |
| Title | Density and using talipot palm in svaychras commune, snoul district, kratie province ដង់សុីតេនិងការប្រើប្រាស់ដើមទ្រាំងនៅក្នុងឃុំស្វាយជ្រះស្រុកស្នួលខេត្តក្រចេះ |
| 260 ## - PUBLICATION, DISTRIBUTION, ETC. (IMPRINT) | |
| Place of publication, distribution, etc. | Phnom Penh |
| Name of publisher, distributor, etc. | RUA |
| Date of publication, distribution, etc. | 2007 |
| 300 ## - PHYSICAL DESCRIPTION | |
| Extent | xi, 47p. |
| Other physical details | ill. |
| Dimensions | 29cm. |
| 942 ## - ADDED ENTRY ELEMENTS (KOHA) | |
| Source of classification or shelving scheme | |
| Koha item type | AGR |
| Price effective from | Date last seen | Permanent Location | Not for loan | Date acquired | Source of classification or shelving scheme | Koha item type | Barcode | Lost status | Damaged status | Shelving location | Withdrawn status | Current Location | Full call number |
|---|---|---|---|---|---|---|---|---|---|---|---|---|---|
| 2015-09-22 | 2015-09-22 | Library Block B | 2015-09-22 | AGR | RUA002427 | B035 | Library Block B | AGR OU 2007 B035 Or.1 | |||||
| 2015-09-22 | 2015-09-22 | Library Block B | 2015-09-22 | AGR | RUA002938 | B035 | Library Block B | AGR OU 2007 B035 Or.2 | |||||
| 2015-09-22 | 2015-09-22 | Library Block B | 2015-09-22 | AGR | RUA002276 | B035 | Library Block B | AGR OU 2007 B035 Or.3 | |||||
| 2015-09-22 | 2015-09-22 | Library Block B | 2015-09-22 | AGR | RUA002917 | B035 | Library Block B | AGR OU 2007 B035 Or.4 | |||||
| 2015-09-22 | 2015-09-22 | Library Block B | 2015-09-22 | AGR | RUA002508 | B035 | Library Block B | AGR OU 2007 B035 Or.5 | |||||
| 2015-09-22 | 2015-09-22 | Library Block B | 2015-09-22 | AGR | RUA002140 | B035 | Library Block B | AGR OU 2007 B035 Or.6 | |||||
| 2018-12-21 | 2018-12-21 | Library Block B | 2018-12-21 | AGR | A41344 | B1.194 | Library Block B | AGR OU 2007 B1.194 Or.1 | |||||
| 2018-12-21 | 2018-12-21 | Library Block B | 2018-12-21 | AGR | A42002 | B1.194 | Library Block B | AGR OU 2007 B1.194 Or.1 | |||||
| 2018-12-24 | 2018-12-24 | Library Block B | 2018-12-24 | AGR | A41329 | B1.194 | Library Block B | AGR OU 2007 B1.194 Or.2 | |||||
| 2018-12-25 | 2018-12-25 | Library Block B | 2018-12-25 | AGR | A40228 | B1.194 | Library Block B | AGR OU 2007 B194 Or.1 | |||||
| 2019-01-22 | 2019-01-22 | Library Block B | 2019-01-22 | AGR | A41481 | B1.214 | Library Block B | AGR OU 2007 B1.214 Or.3 |